NFL All-Time Statistics Leaders - Statistics

General Stats
  • This quiz has been taken 265 times
  • The average score is 7 of 15
Answer Stats
Statistic Player % Correct
Passing Yards (89,214) Tom Brady
100%
Receiving Yards (22,895) Jerry Rice
85%
Rushing Yards (18,355) Emmitt Smith
84%
Passes Intercepted (336) Brett Favre
82%
Sacks (200.0) Bruce Smith
81%
Passer Rating (103.6) Aaron Rodgers
68%
Tackles (1,568) Ray Lewis
45%
Non-Offensive Touchdowns (20) Devin Hester
33%
Yards per Reception (22.3) Homer Jones
26%
Sacks in a Single Game (7.0) Derrick Thomas
25%
Longest Career (26 seasons) George Blanda
24%
Interceptions (81) Paul Krause
21%
Points Scored (2,673) Adam Vinateri
18%
Receiving Yards per Game (97.7) Justin Jefferson
16%
Yards per Rush Attempt (7.0) Michael Vick
16%
No matching quizzes found
Score Distribution
Percent of People with Each Score
Percentile by Number Answered
Your Score History
You have not taken this quiz